| 000 | 03332ngm a2200673 4500 | ||
|---|---|---|---|
| 003 | dpl | ||
| 005 | 2008082208368.0 | ||
| 007 | DVD | ||
| 008 | 080822t xxu||||| |||| 00| 0 eng d | ||
| 010 | _aDVD-000174-176 | ||
| 020 | _a0783280173 | ||
| 024 |
_aBVI1007 _c499.00 |
||
| 024 | _a025192282225 | ||
| 040 | _aDPL | ||
| 082 | _aDVD / BRU | ||
| 245 |
_aBruce Almighty _cUniversal Pictures and Spyglass Entertainment present a Shady Acres/Pit Bull production, a Tom Shadyac film ; producers, Tom Shadyac, Jim Carrey, James D. Brubaker, Michael Bostick, Steve Koren, Mark O'Keefe ; screenplay writers, Steve Koran, Mark O'Keefe, Steve Oedekerk ; director, Tom Shadyac. _h[videorecording(DVD)] / |
||
| 250 | _aFull screen version (1.33:1) | ||
| 260 |
_aUniversal City, CA : _bUniversal, _cc2003. |
||
| 300 |
_a1 DVD (101 min.) : _bsd., col. ; _c4 3/4 in. |
||
| 500 | _aSpecial features: not-to-be missed deleted scenes; outrageous bloopers & blunders; extraordinary audio insights; the process of Jim; outtakes; feature commentary with director Tom Shadyac; DVD-ROM features; cast and filmmakers. | ||
| 511 | _aJim Carrey, Morgan Freeman, Jennifer Aniston, Philip Baker Hall, Catherine Bell, Lisa Ann Walter, Steven Carell, Nora Dunn, Eddie Jemison. | ||
| 520 | _aBruce Nolan is a discontented TV reporter who believes the entire universe is stacked against him. After a bad day, Bruce flies into a rage and blames God for making his life so miserable. God responds by endowing Bruce with all of His divine powers and challenges him to take on "The Big Job" to see if he can do it any better. | ||
| 538 | _aDVD, Region 1 encoding, stereo., surround, digitally recorded. | ||
| 650 |
_aTelevision journalists _zBuffalo _zNew York |
||
| 650 | _aGod | ||
| 650 | _aDiscontent | ||
| 655 | _aDVD-Video discs | ||
| 655 | _aVideo recordings for the hearing impaired | ||
| 655 | _aFeature films | ||
| 655 | _aComedy films. | ||
| 700 | _aShadyac, Tom. | ||
| 700 |
_aCarrey, Jim, _d1962- |
||
| 700 | _aBrubaker, James D. | ||
| 700 | _aBostick, Michael. | ||
| 700 | _aKoren, Steven Wayne. | ||
| 700 | _aO'Keefe, Mark. | ||
| 700 | _aOedekerk, Steve. | ||
| 700 | _aFreeman, Morgan. | ||
| 700 | _aAniston, Jennifer. | ||
| 700 |
_aHall, Philip Baker, _d1931- |
||
| 700 | _aBell, Catherine. | ||
| 700 |
_aWalter, Lisa Ann, _d1963- |
||
| 700 |
_aCarell, Steven, _d1963- |
||
| 700 |
_aDunn, Nora, _d1952- |
||
| 700 | _aJemison, Eddie. | ||
| 700 |
_aSemler, Dean, _d1943- |
||
| 700 | _aHill, Scott. | ||
| 700 | _aDebney, John. | ||
| 700 | _aHowell, Judy Ruskin. | ||
| 700 | _aDeScenna, Linda. | ||
| 710 | _aSpyglass Entertainment (Firm) | ||
| 710 | _aShady Acres (Firm) | ||
| 710 | _aPit Bull (Firm) | ||
| 942 |
_cCF _2ddc _hDVD _mBRU |
||
| 999 |
_c14969 _d14969 |
||